000 00981nam a2200265 i 4500
001 17071
003 ES-MaACL
005 20250801084935.0
007 t|
008 001218s1983 sp af |||| | spa d
020 _a84-249-0861-9
080 _a860(=927)"13/16"(082.2)
080 _a22(0:860(=927)"13/16")
245 0 0 _aLeyendas aljamiadas y moriscas sobre personajes bíblicos /
_cintroducción, edición, estudio lingüístico y glosario por Antonio Vespertino Rodríguez.
260 _aMadrid :
_bGredos,
_c[1983]
300 _a523 p., [12] p. de lám. ;
_c19 cm.
490 1 _aColección de literatura española aljamiado-morisca ;
_v6
630 0 _aBiblia-
_xEn la literatura.
_9119242
650 1 7 _aLiteratura aljamiada
_2embne
_914502
700 1 _aVespertino Rodríguez, Antonio.
_9114222
830 0 _aColección de literatura española aljamiado-morisca ;
_v6
_9180235
852 _aES-MaACL
_jL-24057
852 _aES-MaACL
_jL-4887
999 _c17071
_d17071